Normal view
MARC view
Entry Personal Name
001 - CONTROL NUMBER
- control field: 871701
003 - CONTROL NUMBER IDENTIFIER
- control field: OSt
005 - DATE AND TIME OF LATEST TRANSACTION
- control field: 20260114185553.0
008 - FIXED-LENGTH DATA ELEMENTS
- fixed length control field: 260114|| aca||aabn | a|a d
040 ## - CATALOGING SOURCE
- Original cataloging agency: OSt
- Transcribing agency: OSt
100 ## - HEADING--PERSONAL NAME
- Personal name: Vernon L. Pedersen, James G. Ryan and Katherine Sibley
670 ## - SOURCE DATA FOUND
- Source citation: Work cat.: (OSt)1470649: Vernon L. Pedersen, James G. Ryan and Katherine Sibley, Post-Cold War Revelations and the American Communist Party Citizens, Revolutionaries, and Spies, 2021
